| 000 | 00385nam a2200169Ia 4500 | ||
|---|---|---|---|
| 005 | 20240906022042.0 | ||
| 008 | 240331s9999 xx 000 0 und d | ||
| 020 | _a1852105046 | ||
| 082 |
_bSPR _a700.880 |
||
| 100 | _aSproule, A | ||
| 245 | 0 | _aWomen and the Arts | |
| 260 |
_aEngland _bWayland Limited _c1989 |
||
| 300 | _a48 p ., | ||
| 650 | _aWomen | ||
| 650 | _aArts | ||
| 942 | _cL | ||
| 999 |
_c3053 _d3053 |
||